000 00757nam a2200253Ia 4500
003 OSt
005 20221005060857.0
006 a|||||r|||| 00| 0
007 ta
008 221004b |||||||| |||| 00| 0 eng d
020 _a9781138630338 (pbk)
_cUKP 29.99
024 _a66949
037 _b6371, 14/02/2020, Sanchit Book Service
_cTextual
040 _aCRL
_cCRL
_beng
041 _2eng
_aeng
082 _aP, Q9
100 _aFriedrich Patricia Au.
_933318
245 0 _aApplied linguistics in the real world
260 _aLondon
_bRoutledge UK
_c2019
300 _axii,184p.
_ccm.
650 _aLINGUISTICS
942 _hP, Q9
_cTEXL
_2cc
999 _c967394
_d967394